000 00584nam a2200217Ia 4500
008 101110s9999 xx 000 0 und d
041 _aENGLISH
082 _bJR6072
100 _aYoganand Paramhans
245 _aYogi kathamrut (Autobiography of a Yogi)
260 _c2005
_bYo go da stasnge society of India,Kolkata
300 _a731
365 _b100
520 _aMarathi
546 _aENGLISH
630 _aYogi kathamrut (Autobiography of a Yogi)
650 _aMarathi
655 _aMarathi
730 _aYogi kathamrut (Autobiography of a Yogi)
942 _cBOOK
999 _c796865
_d796862